[Event "Asian Academies Hybrid Chess-ch 2021"]
[Site "Tornelo"]
[Date "2021.11.21"]
[Round "5.1"]
[White "Noshin, Anjum"]
[Black "Indrajith, J A K N T"]
[Result "1-0"]
[WhiteElo "2069"]
[BlackElo "1359"]
[Annotator "TA"]
[PlyCount "97"]
[EventDate "2021.11.21"]
[EventCountry "NET"]
[SourceTitle "playchess.com"]
[Source "ChessBase"]
[SourceQuality "1"]

{[%evp 23,96,52,52,35,109,110,106,75,72,56,71,77,127,127,134,118,252,238,249,129,116,79,122,115,149,136,131,135,505,501,528,510,459,311,315,308,413,395,520,526,576,502,527,531,563,435,424,404,410,316,290,290,289,188,555,528,1415,1415,1459,1324,3441,3151,2066,6033,29989,29990,29990,1387,1221,1166,1089,1073,29998,29999,29999]} 1. e4 e6 2. d4 d5 3. Nc3 Nf6 4. e5 Nfd7 5. f4 c5 6. Nf3 Nc6 7. Be3 Qb6 8. Na4 Qa5+ 9. c3 cxd4 10. b4 Qc7 11. Nxd4 Nxd4 {11...a6 gains popularity.} 12. Bxd4 Be7 13. Bd3 {C11: French: Classical System: 4 e5 and 4 Bg5 dxe4.} a6 (13... b6 $14) 14. O-O $16 O-O 15. Qh5 {[%csl Gd3][%cal Rh5h7] White is better.} g6 {[#]} 16. Qh3 $146 ({Predecessor:} 16. Qh6 Re8 17. Rf3 Bf8 18. Qh4 b5 19. Rh3 h6 20. Nb2 Nb6 21. Nd1 Nc4 22. Nf2 {1-0 (31) Abu Sufian,S (2226)-Barua,D (2494) Sri Lanka 2001}) 16... Qc6 17. Nb2 f6 18. a4 $36 {[%mdl 2048] And now b5 would win. White is on the roll.} f5 19. g4 a5 (19... b6 $16 20. gxf5 exf5) 20. gxf5 $18 exf5 21. Bb5 (21. c4 $18 {aiming for cxd5.} dxc4 22. b5 $1 (22. Nxc4 axb4 23. Nd2 Bc5 $15) (22. Bxc4+ Kg7 $18)) 21... Qe6 $16 22. Nd3 axb4 23. cxb4 Nb8 24. Nc5 Bxc5 25. Bxc5 ({But not} 25. bxc5 $6 Nc6 $14) 25... Rd8 {[%mdl 8192]} (25... Rf7 $16 {is a better chance.} 26. Bd6 Bd7) 26. Qh4 $18 Re8 27. Bxe8 Qxe8 28. Qe7 Qxe7 29. Bxe7 Be6 30. b5 Nd7 31. a5 Kf7 32. Bd6 d4 33. Rfc1 Bd5 34. Rd1 Bc4 35. Rxd4 Bxb5 36. Rb4 Bc6 37. Rb2 Ke6 38. Rd2 {Threatens to win with Bb4.} Ra6 $2 (38... Nb6 {is more resistant.} 39. Rc2 Nd5) 39. Bb4 {Rd6+ is the strong threat.} Be4 40. Rad1 Nb8 41. Rd6+ Rxd6 42. Rxd6+ {[%mdl 4096] Endgame KRB-KBN} ({Weaker is} 42. exd6 Kd7 $18) 42... Kf7 43. Rf6+ Kg7 44. Bf8+ Kg8 45. Bh6 (45. e6 $142 h6 46. e7 Nd7 47. Re6 Bd5 {[#]} 48. e8=Q $1 {[%mdl 64] Double Attack} Bxe6 49. Bb4+ Kg7 50. Bc3+ Nf6 51. Qxe6 Kf8 52. Bxf6 h5 53. Qe7+ {[%mdl 64] Double Attack} Kg8 54. Qg7#) 45... Nd7 46. Rd6 {e6 would kill now.} Nc5 47. e6 {[%cal Rd6d8]} Bc6 48. Rd8+ Be8 49. Rxe8# {Weighted Error Value: White=0.29/Black=1.12} 1-0

[Event "Asian Academies Hybrid Chess-ch 2021"]
[Site "Tornelo"]
[Date "2021.11.21"]
[Round "5.1"]
[White "Manon, Reja Neer"]
[Black "De Silva, L M S T"]
[Result "0-1"]
[WhiteElo "2048"]
[BlackElo "2085"]
[Annotator "TA"]
[PlyCount "46"]
[EventDate "2021.11.21"]
[EventCountry "NET"]
[SourceTitle "playchess.com"]
[Source "ChessBase"]
[SourceQuality "1"]

{[%evp 12,45,33,18,27,12,6,4,22,0,10,3,8,-8,6,-26,-22,-51,-47,-186,-158,-167,-158,-230,-200,-197,-206,-371,-377,-500,-527,-513,-496,-29998,-29999,-29999]} 1. d4 Nf6 2. c4 e6 3. Nf3 b6 4. g3 Bb7 5. Bg2 g6 6. Nc3 Bg7 7. O-O Ne4 {E16: Queen's Indian: 4 g3 Bb7 5 Bg2 Bb4+.} 8. Qc2 Nxc3 9. Qxc3 {9.Qxc3 scores better than 9.bxc3.} O-O {The position is equal.} 10. Bf4 d6 11. Rfd1 Nd7 12. Qc2 {[#]} f5 $146 ({Predecessor:} 12... Qe7 13. d5 e5 14. Bd2 h6 15. e4 a5 16. b4 axb4 17. Bxb4 Bc8 18. a4 Nc5 19. Bxc5 bxc5 {½-½ (38) Gouloutis,N (1590)-Kalogeris,I (1882) Kallithea 2009}) 13. Bg5 Qe8 14. d5 e5 15. e4 {[#] This costs White the game.} (15. Bc1 $15) 15... f4 $1 $19 16. gxf4 h6 17. fxe5 {[#]} (17. f5 $17 hxg5 18. Nxg5) 17... Rxf3 $1 {[%mdl 512]} 18. e6 Ne5 19. Bc1 (19. Bh4) 19... g5 20. Bxf3 Nxf3+ 21. Kg2 Qh5 22. Qe2 (22. h3 $19 g4 23. Rh1 gxh3+ {[%mdl 64] Overworked Piece} 24. Rxh3 Ne1+ {[%mdl 64] Double Attack} 25. Kf1 Qxh3+ 26. Kxe1) 22... Qxh2+ 23. Kxf3 Qh3# {Weighted Error Value: White=0.70/Black=0.04} 0-1

[Event "Asian Academies Hybrid Chess-ch 2021"]
[Site "Tornelo"]
[Date "2021.11.21"]
[Round "5.1"]
[White "Amarathunga, Kosala Sandeepa Cham"]
[Black "Sakline Mostafa, Sajid"]
[Result "0-1"]
[WhiteElo "1353"]
[BlackElo "1988"]
[Annotator "TA"]
[PlyCount "138"]
[EventDate "2021.11.21"]
[EventCountry "NET"]
[SourceTitle "playchess.com"]
[Source "ChessBase"]
[SourceQuality "1"]

{[%evp 11,138,0,13,12,29,-3,1,0,8,-22,-14,-104,-104,-106,-114,-112,-83,-140,-117,-237,-208,-191,-37,-108,-102,-108,-105,-116,-112,-134,-132,-130,-125,-133,-114,-120,-118,-131,-126,-206,-218,-212,-108,-109,-94,-268,-261,-275,-273,-294,-204,-208,8,8,8,8,8,8,8,0,8,8,9,0,0,0,0,-60,-60,-60,-60,-60,-60,-60,-60,-60,-60,-60,-8,-22,0,-60,-67,-67,-67,-67,-67,-75,-8,-24,-25,-1120,-906,-1772,-1523,-1708,-1708,-1765,-802,-1381,-1765,-1756,-1579,-29965,-29967,-29965,-29956,-29973,-29975,-29979,-29978,-29977,-29977,-29976,-29978,-29977,-29978,-29977,-29977,-29977,-29978,-29987,-29988,-29989,-29990,-29990,-29991,-29994,-29995]} 1. e4 c5 2. Nf3 e6 3. Nc3 Nc6 4. d4 cxd4 5. Nxd4 Nf6 6. Bf4 d6 7. Bb5 {B45: Sicilian Four Knights.} Bd7 8. Be3 a6 9. Bd3 {The position is equal.} Be7 {[#]} 10. Nxc6 $146 ({Predecessor:} 10. O-O O-O 11. Qf3 Nxd4 12. Bxd4 e5 13. Be3 Be6 14. Nd5 Bxd5 15. exd5 Re8 16. Bd4 exd4 17. Qf4 Nxd5 {0-1 (17) Calveri,O (1100)-Von Rosenberg,C (927) IECC email 2013}) 10... Bxc6 11. f4 (11. O-O $11) 11... d5 $1 $17 {[%cal Rd5d4]} 12. exd5 Nxd5 13. Nxd5 Qxd5 14. Rg1 (14. Qg4 $142) 14... Bf6 15. c3 (15. c4 $17 Qa5+ 16. Qd2 Qxd2+ 17. Kxd2) 15... Rd8 16. Be2 Qxg2 17. Qxd8+ Kxd8 18. Rxg2 Bxg2 19. O-O-O+ Kc7 20. Bd3 g6 21. a4 a5 22. Bf2 h5 23. Kc2 Rd8 24. Rd2 Bf3 25. b4 (25. Bg1 $17) 25... axb4 $1 $19 26. cxb4 Bd5 (26... Be7 $19 27. Kc3 Kb8) 27. a5 $17 {and if Bb6+ works, White does fine.} Kb8 28. Bb6 $2 (28. Bc5 $17 {keeps fighting.}) 28... Rc8+ $19 29. Kd1 Bc3 {[%mdl 64] Double Attack} 30. Rf2 Bb3+ 31. Bc2 Bxc2+ (31... Bc4 $19 32. Ba4 Bxb4) 32. Rxc2 $11 Bxb4 {[#]} 33. Ba7+ $1 Kxa7 34. Rxc8 {[%mdl 4096] Endgame KR-KB} Bd6 35. Rc4 Ka6 36. Rd4 Bb8 37. Rd7 Bxf4 38. Rxf7 Bxh2 39. Rf6 (39. Rg7 $11) 39... g5 $15 40. Rxe6+ Kxa5 {aiming for ...b5.} 41. Re2 $1 {[%cal Re2h2]} Bf4 42. Ra2+ $1 Kb5 43. Rb2+ Kc6 {Strongly threatening ...h4.} 44. Rc2+ $1 Kd5 (44... Kd7 $15 45. Rb2 h4) 45. Rb2 $11 Kc6 {Hoping for ...b5.} 46. Rc2+ $1 Kd7 47. Rb2 Kc7 48. Rc2+ Kb8 49. Ke2 {[#]} b6 (49... h4 $1 $17) 50. Kf3 Kb7 {White must now prevent ...h4.} 51. Ke4 $2 {[%mdl 8192] Black keeps a firm grip on the game.} (51. Rb2 $11) 51... b5 $19 52. Rc3 Kb6 53. Kd5 h4 54. Rb3 Bg3 (54... g4 $142 55. Rb4 {[#]} g3 $1 56. Rxf4 h3 57. Rf6+ Ka5) 55. Ke4 Kc5 56. Rc3+ Kb4 57. Rc1 Bf4 {Black mates.} 58. Rb1+ Kc4 59. Ra1 b4 {[%cal Bb5b4,Bb4b3,Bb3b2][%mdl 32]} 60. Ra7 b3 61. Ra6 b2 62. Rb6 Kc3 63. Rc6+ Kd2 64. Rb6 Kc1 65. Rc6+ Kb1 66. Kd3 h3 67. Kc3 h2 68. Rh6 Kc1 69. Re6 h1=Q {Weighted Error Value: White=0.62/Black=0.32} 0-1

[Event "Asian Academies Hybrid Chess-ch 2021"]
[Site "Tornelo"]
[Date "2021.11.21"]
[Round "5.1"]
[White "Newansa, M Esandi"]
[Black "Shadat, Kibria Ayaan"]
[Result "1/2-1/2"]
[WhiteElo "1121"]
[BlackElo "1623"]
[Annotator "NA RC"]
[PlyCount "82"]
[EventDate "2021.11.21"]
[EventCountry "NET"]
[SourceTitle "playchess.com"]
[Source "ChessBase"]
[SourceQuality "1"]
[TimeControl "3600+30"]

1. d4 {[%emt 0:00:30]} d5 {[%emt 0:00:40]} 2. Bf4 {[%emt 0:00:12]} Nf6 {[%emt 0:00:05]} 3. e3 {[%emt 0:00:11]} e6 {[%emt 0:00:03]} 4. c3 {[%emt 0:00:16]} Bd6 {[%emt 0:01:30]} 5. Bg3 {[%emt 0:00:21]} c5 {[%emt 0:04:26]} 6. Nd2 {[%emt 0:00:55]} Nc6 {[%emt 0:01:31]} 7. Bb5 {[%emt 0:00:46]} cxd4 {[%emt 0:01:30]} 8. cxd4 {[%emt 0:00:15]} O-O {[%emt 0:00:14]} 9. Rc1 {[%emt 0:01:09]} Bxg3 {[%emt 0:01:48]} 10. hxg3 {[%emt 0:00:17]} Bd7 {[%emt 0:01:12]} 11. Nb3 {[%emt 0:01:59]} Rc8 {[%emt 0:07:17]} 12. Bd3 {[%emt 0:03:49]} h6 {[%emt 0:05:46]} 13. Ne2 {[%emt 0:01:04]} Nb4 {[%emt 0:02:44]} 14. Nc3 {[%emt 0:01:25]} Nxd3+ {[%emt 0:02:00]} 15. Qxd3 {[%emt 0:00:08]} Bc6 {[%emt 0:01:03]} 16. O-O {[%emt 0:00:18]} Re8 {[%emt 0:03:52]} 17. Rfd1 {[%emt 0:03:26]} a6 {[%emt 0:00:36]} 18. Nc5 {[%emt 0:03:39]} Qd6 {[%emt 0:04:12]} 19. b4 {[%emt 0:01:21]} e5 {[%emt 0:10:42]} 20. dxe5 {[%emt 0:00:54]} Qxe5 {[%emt 0:02:08]} 21. a4 {[%emt 0:00:42]} Ne4 {[%emt 0:12:37]} 22. N3xe4 {[%emt 0:02:05]} dxe4 {[%emt 0:00:03]} 23. Qb3 {[%emt 0:00:35]} Red8 {[%emt 0:03:03]} 24. Qa3 {[%emt 0:02:59]} Rd5 {[%emt 0:02:17]} 25. Nb3 {[%emt 0:05:59]} Rd3 {[%emt 0:00:50]} 26. Rxd3 {[%emt 0:00:42]} exd3 {[%emt 0:00:02]} 27. Nd4 {[%emt 0:00:50]} Qe4 {[%emt 0:01:18]} 28. Nxc6 {[%emt 0:00:32]} Rxc6 {[%emt 0:00:12]} 29. Rd1 {[%emt 0:00:09]} Rd6 {[%emt 0:00:33]} 30. Qc3 {[%emt 0:00:23]} b5 {[%emt 0:00:43]} 31. axb5 {[%emt 0:00:21]} axb5 {[%emt 0:00:03]} 32. Qc8+ {[%emt 0:01:26]} Kh7 {[%emt 0:00:02]} 33. Qc5 {[%emt 0:00:23]} Rd5 {[%emt 0:00:49]} 34. Qc3 {[%emt 0:00:13]} Qc4 {[%emt 0:00:30]} 35. Qd2 {[%emt 0:00:09]} f5 {[%emt 0:00:59]} 36. Rc1 {[%emt 0:00:26]} Qg4 {[%emt 0:00:37]} 37. Rd1 {[%emt 0:00:32]} Rd6 {[%emt 0:00:30]} 38. Kf1 {[%emt 0:00:38]} Qh5 {[%emt 0:00:05]} 39. Kg1 {[%emt 0:00:47]} Qg4 {[%emt 0:00:27]} 40. Kf1 {[%emt 0:00:21]} Qh5 {[%emt 0:00:03]} 41. Kg1 {[%emt 0:00:12]} Qg4 {[%emt 0:00:29]} 1/2-1/2

[Event "Asian Academies Hybrid Chess-ch 2021"]
[Site "Tornelo"]
[Date "2021.11.21"]
[Round "5.2"]
[White "Babaei, Amir Hossein"]
[Black "Galiakbarov, Aldiyar"]
[Result "1-0"]
[WhiteElo "1286"]
[BlackElo "1141"]
[Annotator "NA RC"]
[PlyCount "69"]
[EventDate "2021.11.21"]
[EventCountry "NET"]
[SourceTitle "playchess.com"]
[Source "ChessBase"]
[SourceQuality "1"]
[TimeControl "3600+30"]

1. d4 {[%emt 0:00:30]} d5 {[%emt 0:00:35]} 2. Nf3 {[%emt 0:00:08]} Nf6 {[%emt 0:00:07]} 3. e3 {[%emt 0:00:49]} Bf5 {[%emt 0:00:08]} 4. c4 {[%emt 0:00:49]} e6 {[%emt 0:00:29]} 5. Nc3 {[%emt 0:01:29]} Be7 {[%emt 0:01:06]} 6. Ne5 {[%emt 0:02:50]} c6 {[%emt 0:01:13]} 7. cxd5 {[%emt 0:02:58]} exd5 {[%emt 0:01:07]} 8. Bd3 {[%emt 0:00:46]} Bxd3 {[%emt 0:00:07]} 9. Qxd3 {[%emt 0:00:14]} Nbd7 {[%emt 0:00:30]} 10. f4 {[%emt 0:00:41]} Qc7 {[%emt 0:01:30]} 11. O-O {[%emt 0:03:44]} a5 {[%emt 0:24:54]} 12. a3 {[%emt 0:05:31]} O-O {[%emt 0:00:34]} 13. Qc2 {[%emt 0:01:48]} Rfc8 {[%emt 0:00:36]} 14. Bd2 {[%emt 0:10:49]} b5 {[%emt 0:02:10]} 15. Rfe1 {[%emt 0:01:49]} Qb6 {[%emt 0:00:24]} 16. Qf5 {[%emt 0:02:17]} Qb7 {[%emt 0:00:25]} 17. Nxd7 {[%emt 0:01:50]} Nxd7 {[%emt 0:00:25]} 18. e4 {[%emt 0:01:09]} dxe4 {[%emt 0:00:23]} 19. Nxe4 {[%emt 0:00:49]} g6 {[%emt 0:01:34]} 20. Qh3 {[%emt 0:01:26]} Nf6 {[%emt 0:01:13]} 21. Ng5 {[%emt 0:01:47]} Rd8 {[%emt 0:01:36]} 22. Nxf7 {[%emt 0:02:36]} Kxf7 {[%emt 0:00:51]} 23. Qe6+ {[%emt 0:00:38]} Kf8 {[%emt 0:00:13]} 24. f5 {[%emt 0:01:08]} Qd7 {[%emt 0:00:36]} 25. Bh6+ {[%emt 0:00:17]} Ke8 {[%emt 0:00:08]} 26. Qxf6 {[%emt 0:00:42]} Qd6 {[%emt 0:04:14]} 27. Re6 {[%emt 0:00:49]} Qxd4+ {[%emt 0:01:20]} 28. Qxd4 {[%emt 0:00:10]} Rxd4 {[%emt 0:00:03]} 29. f6 {[%emt 0:00:24]} Kf7 {[%emt 0:00:16]} 30. Rxe7+ {[%emt 0:00:36]} Kxf6 {[%emt 0:00:03]} 31. Rae1 {[%emt 0:00:38]} Rd5 {[%emt 0:01:21]} 32. R1e6+ {[%emt 0:00:55]} Kf5 {[%emt 0:00:05]} 33. Re4 {[%emt 0:00:42]} g5 {[%emt 0:00:51]} 34. g4+ {[%emt 0:00:21]} Kg6 {[%emt 0:00:34]} 35. R4e6# {[%emt 0:00:08]} 1-0

[Event "Asian Academies Hybrid Chess-ch 2021"]
[Site "Tornelo"]
[Date "2021.11.21"]
[Round "5.3"]
[White "Mohammad Ebrahimkhan Abri, Dorsa"]
[Black "Ridwan, Rabbani"]
[Result "1-0"]
[WhiteElo "2017"]
[BlackElo "1170"]
[Annotator "TA"]
[PlyCount "49"]
[EventDate "2021.11.21"]
[EventCountry "NET"]
[SourceTitle "playchess.com"]
[Source "ChessBase"]
[SourceQuality "1"]

{[%evp 12,49,14,11,8,20,36,22,112,113,308,321,316,320,316,307,333,343,613,443,1081,710,1439,1434,6012,3178,3257,3085,29990,29989,29990,0,29990,2489,29979,3155,29986,29987,29991,29992]} 1. d4 Nf6 2. Nf3 g6 3. g3 d5 4. c4 c6 5. Bg2 Bg7 6. cxd5 cxd5 7. Nc3 Nc6 {D73: Fianchetto Grünfeld: 5 Nf3 .} 8. Ne5 e6 9. O-O Nxe5 (9... Bd7 $11 {remains equal.}) 10. dxe5 $16 {Threatens to win with Bg5.} Ng4 $2 (10... Nd7 $16) 11. Qa4+ $18 {[%mdl 64] [#] Double Attack} Bd7 12. Qxg4 Bxe5 {[#]} 13. Rd1 $146 ({Predecessor:} 13. Bh6 f5 14. Qf3 Bc6 15. Qd3 Qf6 16. Qd2 Rg8 17. h4 Rc8 18. Rac1 Kf7 19. Rfd1 {1-0 (43) Smirnova,N-Zabotina,S Serpukhov 1999}) 13... Bg7 14. Qb4 b6 $2 (14... a5 15. Qxb7 Rb8) 15. Bf4 e5 (15... a5 $142 16. Qb3 O-O) 16. Bxd5 Bf8 17. Qe4 Rc8 18. Qxe5+ {[%mdl 64] Double Attack} Qe7 19. Qxh8 Kd8 20. Bh6 Kc7 21. Bf4+ Kd8 {[#]} 22. Qd4 (22. Bg5 $142 $1 f6 23. Bxf6 Kc7 24. Bxe7 Bc6 25. Qe5+ Kb7 26. Bxc6+ Kxc6 27. Bxf8) 22... Ke8 23. Rd3 (23. Ne4 $142 Rc2 24. Nf6+ Kd8 25. Bb7 Rc7 26. Bxc7+ Kxc7 27. Qxd7+ Qxd7 28. Rxd7+ Kb8 29. Ba6 Bh6 30. Ne8 Bg5 31. Rc7 h6 32. Rc8#) 23... Kd8 24. Bb7 Rxc3 25. Rxc3 {[%csl Gb7][%cal Rc3c8] Black got outplayed after the opening.  Weighted Error Value: White=0.66/Black=1.52} 1-0

[Event "Asian Academies Hybrid Chess-ch 2021"]
[Site "Tornelo"]
[Date "2021.11.21"]
[Round "5.3"]
[White "Mohammadi, Mohamad Amin"]
[Black "Kazi Afsan Rawnak, Anan"]
[Result "1-0"]
[WhiteElo "1855"]
[BlackElo "1410"]
[Annotator "NA"]
[PlyCount "71"]
[EventDate "2021.11.21"]
[EventCountry "NET"]
[SourceTitle "playchess.com"]
[Source "ChessBase"]
[SourceQuality "1"]
[TimeControl "3600+30"]

{[%evp 8,62,31,18,30,1,2,8,6,4,256,281,276,266,403,445,518,450,768,530,516,385,372,379,810,306,309,276,374,285,260,277,315,325,337,280,379,412,412,355,437,489,493,522,534,542,868,976,964,929,965,933,958,1000,1012,1004,1086]} 1. e4 {[%emt 0:00:30]} c5 {[%emt 0:00:35]} 2. Nf3 {[%emt 0:00:04]} d6 {[%emt 0:00:20]} 3. d4 {[%emt 0:00:03]} cxd4 {[%emt 0:00:29]} 4. Nxd4 {[%emt 0:00:03]} Nf6 {[%emt 0:00:28]} 5. Nc3 {[%emt 0:00:04]} a6 {[%emt 0:00:23]} 6. Rg1 {[%emt 0:04:14]} e5 {[%emt 0:05:29]} 7. Nb3 {[%emt 0:00:12]} Be6 {[%emt 0:01:26]} 8. g4 {[%emt 0:00:10]} Nxg4 $2 {[%emt 0:05:56]} (8... h6 $11) 9. Rxg4 {[%emt 0:00:08]} Bxg4 {[%emt 0:00:04]} 10. Qxg4 {[%emt 0:00:08]} Qd7 {[%emt 0:00:23]} (10... Nd7 $142 11. Bg5 h5) 11. Qg3 {[%emt 0:01:10]} Nc6 {[%emt 0:06:47]} 12. Nd5 {[%emt 0:00:09]} Rb8 {[%emt 0:05:52]} (12... Ne7 $142 13. Nb6 {[%mdl 64] Double Attack} Qd8) 13. Be3 {[%emt 0:14:14]} Ne7 {[%emt 0:07:33]} 14. O-O-O {[%emt 0:05:32]} Nxd5 {[%emt 0:01:58]} 15. Rxd5 {[%emt 0:01:32]} Qa4 $2 {[%emt 0:02:55] [#]} (15... f6 16. f4 Qc7 17. fxe5 Rc8) 16. Qg4 $2 {[%emt 0:01:44]} (16. Rxe5+ $1 {[%mdl 512]} dxe5 17. Qxe5+ {[%mdl 64] Double Attack} Be7 18. Qxb8+ {[%mdl 64] Double Attack} Bd8 19. Qe5+ {[%mdl 64] Double Attack} Be7 20. Qb8+ Bd8 21. Qe5+ {[%mdl 64] Double Attack} Be7 22. Bc5) 16... g6 {[%emt 0:02:53]} 17. f3 {[%emt 0:14:43]} f5 {[%emt 0:03:19]} 18. exf5 {[%emt 0:03:36]} Qxg4 {[%emt 0:00:07]} 19. fxg4 {[%emt 0:00:03]} gxf5 {[%emt 0:00:18]} 20. gxf5 {[%emt 0:00:03]} Rg8 {[%emt 0:01:48]} 21. Na5 {[%emt 0:01:15]} Kd7 {[%emt 0:01:03]} 22. Nc4 {[%emt 0:00:48]} Kc6 {[%emt 0:00:42]} 23. Rd2 {[%emt 0:01:51]} Rg4 {[%emt 0:04:30]} 24. Bg2+ {[%emt 0:01:59]} e4 {[%emt 0:04:11]} 25. h3 {[%emt 0:01:08]} Rh4 {[%emt 0:03:33]} 26. Bf2 {[%emt 0:02:02]} Bh6 {[%emt 0:05:36]} 27. Bxh4 {[%emt 0:00:24]} Bxd2+ {[%emt 0:00:02]} 28. Nxd2 {[%emt 0:01:54]} Rg8 {[%emt 0:02:39]} 29. Bxe4+ {[%emt 0:01:03]} d5 {[%emt 0:00:31]} 30. Bd3 {[%emt 0:00:46]} Rg1+ {[%emt 0:00:37]} 31. Bf1 {[%emt 0:00:15]} Kd6 $18 {[%emt 0:00:20]} 32. Kd1 {[%emt 0:00:04]} Ke5 {[%emt 0:00:20]} 33. Nf3+ {[%emt 0:00:04]} Kxf5 {[%emt 0:00:29]} 34. Nxg1 {[%emt 0:00:04]} d4 {[%emt 0:00:12]} 35. Bd3+ {[%emt 0:00:03]} Kf4 {[%emt 0:00:03]} 36. Bxh7 {[%emt 0:00:05]} 1-0

[Event "Asian Academies Hybrid Chess-ch 2021"]
[Site "Tornelo"]
[Date "2021.11.21"]
[Round "5.3"]
[White "Warsia, Khusbu"]
[Black "Mohammadi, Maryam"]
[Result "0-1"]
[WhiteElo "1505"]
[BlackElo "1163"]
[Annotator "NA RC"]
[PlyCount "66"]
[EventDate "2021.11.21"]
[EventCountry "NET"]
[SourceTitle "playchess.com"]
[Source "ChessBase"]
[SourceQuality "1"]
[TimeControl "3600+30"]

1. e4 {[%emt 0:00:30]} e5 {[%emt 0:01:22]} 2. Nf3 {[%emt 0:00:04]} Nc6 {[%emt 0:00:51]} 3. Bc4 {[%emt 0:00:03]} Bc5 {[%emt 0:00:46]} 4. c3 {[%emt 0:00:03]} Nf6 {[%emt 0:00:42]} 5. d4 {[%emt 0:00:06]} exd4 {[%emt 0:00:40]} 6. e5 {[%emt 0:00:02]} d5 {[%emt 0:01:28]} 7. Bb5 {[%emt 0:00:05]} Ne4 {[%emt 0:01:25]} 8. cxd4 {[%emt 0:00:06]} Bb4+ {[%emt 0:00:57]} 9. Bd2 {[%emt 0:00:53]} Be7 {[%emt 0:00:44]} 10. Qc2 {[%emt 0:00:27]} Bd7 {[%emt 0:00:43]} 11. Nc3 {[%emt 0:00:38]} Nb4 {[%emt 0:00:41]} 12. Bxd7+ {[%emt 0:00:47]} Qxd7 {[%emt 0:00:44]} 13. Qb1 {[%emt 0:00:24]} Nxd2 {[%emt 0:00:46]} 14. Nxd2 {[%emt 0:00:10]} c5 {[%emt 0:00:52]} 15. dxc5 {[%emt 0:00:36]} d4 {[%emt 0:00:56]} 16. Nce4 {[%emt 0:01:02]} d3 {[%emt 0:01:01]} 17. O-O {[%emt 0:02:42]} Nc2 {[%emt 0:00:39]} 18. Nd6+ {[%emt 0:00:09]} Bxd6 {[%emt 0:00:55]} 19. exd6 {[%emt 0:00:24]} O-O {[%emt 0:00:54]} 20. b4 {[%emt 0:00:07]} a5 {[%emt 0:01:22]} 21. b5 {[%emt 0:00:27]} Rac8 {[%emt 0:00:45]} 22. Ne4 {[%emt 0:02:27]} Qe6 {[%emt 0:01:56]} 23. f3 {[%emt 0:02:15]} f5 {[%emt 0:00:52]} 24. d7 {[%emt 0:00:45]} Qxd7 {[%emt 0:01:02]} 25. Qb3+ {[%emt 0:00:07]} Kh8 {[%emt 0:00:55]} 26. Rad1 {[%emt 0:00:17]} fxe4 {[%emt 0:01:33]} 27. Qxc2 {[%emt 0:00:46]} Qd4+ {[%emt 0:01:02]} 28. Kh1 {[%emt 0:02:03]} Rfd8 {[%emt 0:00:58]} 29. Qb3 {[%emt 0:00:44]} e3 {[%emt 0:00:47]} 30. Rfe1 {[%emt 0:00:21]} Rxc5 {[%emt 0:00:46]} 31. a4 {[%emt 0:00:23]} Rc3 {[%emt 0:00:48]} 32. Qb2 {[%emt 0:00:13]} d2 {[%emt 0:00:44]} 33. Re2 {[%emt 0:00:34]} Qd3 {[%emt 0:00:39]} 0-1

[Event "Asian Academies Hybrid Chess-ch 2021"]
[Site "Tornelo"]
[Date "2021.11.21"]
[Round "5.4"]
[White "Husam Al-Dain Abdulhakim Nashe"]
[Black "Abdolahi, Amir Taha"]
[Result "1-0"]
[WhiteElo "1342"]
[BlackElo "1243"]
[Annotator "NA RC"]
[PlyCount "67"]
[EventDate "2021.11.21"]
[EventCountry "NET"]
[SourceTitle "playchess.com"]
[Source "ChessBase"]
[SourceQuality "1"]
[TimeControl "3600+30"]

1. e4 {[%emt 0:01:34]} e6 {[%emt 0:02:27]} 2. d4 {[%emt 0:01:37]} d5 {[%emt 0:00:05]} 3. Nc3 {[%emt 0:00:40]} Nf6 {[%emt 0:02:17]} 4. Bg5 {[%emt 0:01:54]} Be7 {[%emt 0:03:43]} 5. e5 {[%emt 0:01:18]} Nfd7 {[%emt 0:00:10]} 6. h4 {[%emt 0:00:18]} Bxg5 {[%emt 0:08:14]} 7. hxg5 {[%emt 0:00:04]} Qxg5 {[%emt 0:00:26]} 8. Nh3 {[%emt 0:00:07]} Qd8 {[%emt 0:01:01]} 9. Qg4 {[%emt 0:01:03]} g6 {[%emt 0:02:06]} 10. Bd3 {[%emt 0:02:38]} Qe7 {[%emt 0:10:07]} 11. Nf4 {[%emt 0:02:44]} Nf8 {[%emt 0:01:47]} 12. Nfxd5 {[%emt 0:00:45]} exd5 {[%emt 0:00:55]} 13. Qxc8+ {[%emt 0:00:08]} Qd8 {[%emt 0:00:08]} 14. Qxb7 {[%emt 0:00:05]} Nbd7 {[%emt 0:00:23]} 15. Nxd5 {[%emt 0:00:33]} Ne6 {[%emt 0:00:11]} 16. Bb5 {[%emt 0:01:25]} Rb8 {[%emt 0:13:08]} 17. Qc6 {[%emt 0:12:40]} Nxd4 {[%emt 0:04:17]} 18. Nxc7+ {[%emt 0:02:15]} Kf8 {[%emt 0:01:29]} 19. Qd6+ {[%emt 0:00:57]} Kg8 {[%emt 0:01:51]} 20. Qxd4 {[%emt 0:01:23]} Qxc7 {[%emt 0:00:50]} 21. Bxd7 {[%emt 0:00:13]} Rb6 {[%emt 0:03:46]} 22. O-O {[%emt 0:00:54]} h6 {[%emt 0:00:53]} 23. Rfe1 {[%emt 0:01:52]} Kh7 {[%emt 0:00:51]} 24. e6 {[%emt 0:01:44]} fxe6 {[%emt 0:00:13]} 25. Bxe6 {[%emt 0:00:11]} Rd6 {[%emt 0:00:07]} 26. Qf4 {[%emt 0:01:13]} Rhd8 {[%emt 0:01:27]} 27. Rad1 {[%emt 0:01:06]} h5 {[%emt 0:00:51]} 28. Rxd6 {[%emt 0:00:20]} Rxd6 {[%emt 0:01:15]} 29. Bb3 {[%emt 0:01:04]} a6 {[%emt 0:01:44]} 30. Qf8 {[%emt 0:00:15]} Rd7 {[%emt 0:00:37]} 31. Bg8+ {[%emt 0:00:18]} Kh8 {[%emt 0:00:11]} 32. Bf7+ {[%emt 0:00:04]} Kh7 {[%emt 0:00:07]} 33. Qg8+ {[%emt 0:00:04]} Kh6 {[%emt 0:00:06]} 34. Qxg6# {[%emt 0:00:03]} 1-0